Compendio de la historia de la Iglesia

Kaydedildi:
Detaylı Bibliyografya
Materyal Türü: Kitap
Dil:İspanyolca
Baskı/Yayın Bilgisi: Madrid San Francisco de Sales 1900
Konular:
Etiketler: Etiketle
Etiket eklenmemiş, İlk siz ekleyin!

MARC

LEADER 00000nam a2200000 a 4500
001 UCL4462
003 CL-VaPUC
008 040116e19000000SP |||||||||||||||||spa|d
082 0 4 |a 270  |b COM  |2 21 
245 1 0 |a Compendio de la historia de la Iglesia 
300 |a v 
942 |c BK 
945 |d 20040116 00:00:00  |a vberengu 
260 |a Madrid  |b San Francisco de Sales  |c 1900 
650 0 |a Historia de la iglesia   |9 257565 
583 |a last modification  |c 20040116 00:00:00  |k Rodrigo Vera 
999 |c 307291  |d 307289 
952 |0 0  |1 0  |4 0  |6 270_000000000000000_COM_1900  |7 0  |8 P  |9 373087  |a BIBTEO  |b BIBTES  |c TEO_FTES  |d 2019-11-21  |h v.1  |i 210251K  |o 270 COM 1900  |p 210251K  |r 2024-01-18  |w 2019-11-21  |y BK  |k ICR 
952 |0 0  |1 0  |4 0  |6 270_000000000000000_COM_1900  |7 0  |8 P  |9 373088  |a BIBTEO  |b BIBTES  |c TEO_FTES  |d 2019-11-21  |h v.2  |i 2102528  |o 270 COM 1900  |p 2102528  |r 2024-01-18  |w 2019-11-21  |y BK  |k ICR 
952 |0 0  |1 0  |4 0  |6 270_000000000000000_COM_1900  |7 0  |8 P  |9 373089  |a BIBTEO  |b BIBTES  |c TEO_FTES  |d 2019-11-21  |h v.3  |i 2102536  |o 270 COM 1900  |p 2102536  |r 2024-01-18  |w 2019-11-21  |y BK  |k ICR